NLSUI OPAC header image

Water, a matter of life and health : Water supply and sanitation in village India (Record no. 26254)

MARC details
000 -LEADER
fixed length control field 01270nam a2200241Ia 4500
003 - CONTROL NUMBER IDENTIFIER
control field OSt
005 - DATE AND TIME OF LATEST TRANSACTION
control field 20210812164954.0
008 - FIXED-LENGTH DATA ELEMENTS--GENERAL INFORMATION
fixed length control field 160316s2005 xxu||||| |||| 00| 0 eng d
020 ## - INTERNATIONAL STANDARD BOOK NUMBER
International Standard Book Number 9780195669312
020 ## - INTERNATIONAL STANDARD BOOK NUMBER
International Standard Book Number 0195669312
040 ## - CATALOGING SOURCE
Transcribing agency nls
082 ## - DEWEY DECIMAL CLASSIFICATION NUMBER
Classification number 333.912000
Item number BLA
100 ## - MAIN ENTRY--PERSONAL NAME
Personal name Black Maggie
245 ## - TITLE STATEMENT
Title Water, a matter of life and health : Water supply and sanitation in village India
250 ## - EDITION STATEMENT
Edition statement 2nd
260 ## - PUBLICATION, DISTRIBUTION, ETC.
Place of publication, distribution, etc. Oxford
Name of publisher, distributor, etc. Oxford University Press
Date of publication, distribution, etc. 2005
300 ## - PHYSICAL DESCRIPTION
Extent 262p
Dimensions xviii
365 ## - TRADE PRICE
Price amount Rs. 545
505 ## - FORMATTED CONTENTS NOTE
Formatted contents note Contents:<br/>Maps, figures, and boxes;<br/>Abbreviations and acronyms;<br/>Forward by M S Swaminathan;<br/>Political map of India;<br/>Preface;<br/>Acknowledgements;<br/>1. Water: a matter of life and health --<br/>2. Finding water for water-short communities --<br/>3. The hand-pump revolution --<br/>4. Not just water but sanitation too --<br/>5. Tackling disease: guinea worm and diarrhoea --<br/>6. Managing a community service --<br/>7. Threats to water and everything else --<br/>8. Water, life and health: Where next?<br/>Glossary of terms;<br/>Index.
650 ## - SUBJECT ADDED ENTRY--TOPICAL TERM
Topical term or geographic name entry element 1. Water Supply - Rural - Management - India2. Drinking Water - Contamination - Health Aspects3. Water Quality Management 4. Groundwater - Purification
700 ## - ADDED ENTRY--PERSONAL NAME
Personal name Talbort Rupert
--
942 ## - ADDED ENTRY ELEMENTS (KOHA)
Source of classification or shelving scheme Dewey Decimal Classification
Koha item type BOOKs
Holdings
Withdrawn status Lost status Damaged status Not for loan Home library Current library Shelving location Date acquired Cost, normal purchase price Total Checkouts Full call number Barcode Date last seen Price effective from Koha item type
        . .   30.05.2017 545.00   333.912 BLA 23816 30.05.2017 30.05.2017 BOOKs